[Event "Campeonato Brasileiro Amador 2019 U1800"]
[Site "Sao Paulo"]
[Date "2019.06.21"]
[Round "3.12"]
[White "Barbosa, Luiz Francisco Da Si"]
[Black "Sato, Claudio Takeshi"]
[Result "1-0"]
[WhiteElo "1762"]
[BlackElo "1609"]
[PlyCount "77"]
[EventDate "2019.06.20"]

1. d4 Nf6 2. Nf3 g6 3. c4 Bg7 4. Nc3 O-O 5. g3 b6 6. Bg2 Bb7 7. O-O d6 8. Qc2
c5 9. d5 Nh5 10. Be3 Nd7 11. Qd2 Re8 12. Bh6 Bh8 13. Rad1 f5 14. Ng5 Ng7 15.
Bxg7 Bxg7 16. Ne6 Qc8 17. Nb5 Ba6 18. Nbc7 Bxc4 19. b3 Ba6 20. Nxa8 Qxa8 21.
Nc7 Qc8 22. Nxe8 Qxe8 23. Rfe1 Nf6 24. e4 fxe4 25. Bxe4 Bc8 26. Qe2 Qf7 27. Bg2
Bf8 28. Qf1 Bb7 29. Bh3 Bxd5 30. Rxd5 e5 31. Rdd1 Qc7 32. Be6+ Kh8 33. Bd5 Qd7
34. f4 exf4 35. Qxf4 Be7 36. Qe3 Bf8 37. Qe6 Qg7 38. Rf1 Be7 39. Rxf6 1-0

[Event "Campeonato Brasileiro Amador 2019 U1800"]
[Site "Sao Paulo"]
[Date "2019.06.21"]
[Round "3.13"]
[White "Olivo, Anibal Ribeiro"]
[Black "Borges, Leonardo Hisao Herai"]
[Result "1/2-1/2"]
[WhiteElo "1616"]
[BlackElo "1748"]
[Annotator "Kleyt"]
[PlyCount "111"]
[EventDate "2019.06.20"]

1. e4 c5 2. Nf3 e6 3. d4 cxd4 4. Nxd4 a6 5. Nc3 Qc7 6. Be3 Nf6 7. Qd2 Bb4 8.
Bd3 d5 9. exd5 Nxd5 10. Nde2 Nxe3 11. Qxe3 O-O 12. O-O Nd7 13. Qe4 Nf6 14. Qxb4
b5 15. a4 bxa4 16. Rxa4 a5 17. Qh4 h6 18. Ng3 e5 19. Nh5 Nxh5 20. Qxh5 Bd7 21.
Re4 f5 22. Ree1 Rab8 23. Rb1 a4 24. Qh4 e4 25. Be2 a3 26. Qg3 f4 27. Qg6 Rxb2
28. Rxb2 axb2 29. Nxe4 Bf5 30. Qa6 Qe5 31. Qa2+ Kh8 32. Bd3 Rb8 33. Nd2 Bxd3
34. cxd3 Qc3 35. Nc4 Qxd3 36. Nxb2 Qc2 37. Rb1 Kh7 38. h3 Rb3 39. Kh2 f3 40.
Kg1 fxg2 41. Kxg2 Rb6 42. Ra1 Qe4+ 43. Kf1 Re6 44. Qb1 Qxb1+ 45. Rxb1 Rb6 46.
Ke2 Rb3 47. h4 Kg6 48. Kd2 Kh5 49. Kc2 Rb6 50. Rh1 Rb5 51. Nd3 Ra5 52. Kd2 Ra4
53. Ke3 g6 54. Kf3 Ra3 55. Ke2 Kg4 56. Rg1+ {Continuação Incompreensível}
1/2-1/2

[Event "Campeonato Brasileiro Amador 2019 U1800"]
[Site "Sao Paulo"]
[Date "2019.06.21"]
[Round "3.14"]
[White "Parijos De Melo, Luiz Claudio"]
[Black "Brujin, Homero"]
[Result "1-0"]
[WhiteElo "1706"]
[BlackElo "1485"]
[PlyCount "61"]
[EventDate "2019.06.20"]

1. e4 c5 2. c3 g6 3. d4 cxd4 4. Qxd4 f6 5. f4 Nc6 6. Qd1 Bg7 7. Nf3 e6 8. Na3
Nge7 9. Be3 O-O 10. Qd2 d5 11. exd5 Nxd5 12. Bc5 Re8 13. O-O-O b6 14. Bf2 Bh6
15. g3 Qc7 16. Nb5 Qb8 17. Kb1 Rd8 18. Nbd4 Nde7 19. Bc4 Kh8 20. Qe2 e5 21.
Nxc6 Rxd1+ 22. Rxd1 Nxc6 23. fxe5 Bf5+ 24. Ka1 Qe8 25. exf6 Qxe2 26. Bxe2 Bf8
27. Nd4 Re8 28. Bb5 Nxd4 29. Bxd4 Rc8 30. f7+ Bg7 31. Be8 1-0

[Event "Campeonato Brasileiro Amador 2019 U1800"]
[Site "Sao Paulo"]
[Date "2019.06.21"]
[Round "3.15"]
[White "Haraguchi, Diego Sashaki"]
[Black "Mesquita, Arnaldo Leite"]
[Result "1/2-1/2"]
[WhiteElo "1524"]
[BlackElo "1741"]
[PlyCount "50"]
[EventDate "2019.06.20"]

1. Nf3 Nf6 2. d4 e6 3. c4 Bb4+ 4. Bd2 Qe7 5. Nc3 c5 6. Nb5 Bxd2+ 7. Qxd2 d6 8.
Qf4 O-O 9. Qxd6 Qxd6 10. Nxd6 cxd4 11. Rd1 Ng4 12. Rxd4 Nxf2 13. Rg1 Nc6 14.
Rf4 e5 15. Nxe5 Nxe5 16. Rxf2 Ng4 17. Rf4 Nxh2 18. Rh1 Nxf1 19. Rhxf1 f6 20.
Re4 Rd8 21. Rd4 h5 22. c5 Kf8 23. Rd3 Bd7 24. Rf4 Bg4 25. Nxb7 Rdc8 1/2-1/2

[Event "Campeonato Brasileiro Amador 2019 U1800"]
[Site "Sao Paulo"]
[Date "2019.06.21"]
[Round "3.16"]
[White "Soares, Gustavo Henrique"]
[Black "Nobre, Jose Adalberto Barbo"]
[Result "1-0"]
[WhiteElo "1799"]
[BlackElo "1593"]
[PlyCount "79"]
[EventDate "2019.06.20"]

1. d4 g6 2. e4 Bg7 3. h4 d6 4. h5 c5 5. hxg6 hxg6 6. Rxh8 Bxh8 7. dxc5 Qa5+ 8.
c3 Qxc5 9. Be3 Qc7 10. Nd2 Be6 11. Ngf3 Bg4 12. Bc4 e6 13. Qa4+ Nd7 14. Nh2 Bh5
15. g4 O-O-O 16. Be2 Be5 17. f4 Bf6 18. O-O-O Nc5 19. Bxc5 Qxc5 20. Qc4 Qxc4
21. Nxc4 d5 22. exd5 exd5 23. Ne5 Bxe5 24. fxe5 f5 25. gxh5 g5 26. Rf1 Nh6 27.
Bd3 Rf8 28. Kd2 Kd8 29. Ke3 Ke7 30. Rg1 f4+ 31. Kf3 Rg8 32. Bg6 Nf7 33. Bxf7
Kxf7 34. Ng4 Ke6 35. Rd1 Rh8 36. h6 Rh7 37. Rxd5 Kxd5 38. Nf6+ Kxe5 39. Nxh7
Kf5 40. Nxg5 1-0

[Event "Campeonato Brasileiro Amador 2019 U1800"]
[Site "Sao Paulo"]
[Date "2019.06.21"]
[Round "3.17"]
[White "Rezende, Uelton Fabricius Alv"]
[Black "Santos, Marcos Correia"]
[Result "1/2-1/2"]
[WhiteElo "1778"]
[BlackElo "1567"]
[PlyCount "110"]
[EventDate "2019.06.20"]

1. Nf3 d5 2. c4 e6 3. d4 Nf6 4. Nc3 Be7 5. cxd5 exd5 6. g3 O-O 7. Bg2 c6 8. O-O
Bg4 9. Ne5 Bf5 10. Re1 Nbd7 11. f4 h6 12. e4 dxe4 13. Nxe4 Nxe4 14. Bxe4 Bxe4
15. Rxe4 Nf6 16. Re1 Re8 17. Be3 Nd5 18. Bf2 Qc7 19. Rc1 Rad8 20. a3 a5 21. Qb3
Qb6 22. Qc2 Qa7 23. Re2 Bd6 24. Rce1 Bc7 25. Qb3 Qb6 26. Qf3 Rf8 27. Qg4 Nf6
28. Qf3 Nd5 29. Qg4 Nf6 30. Qf5 Qb5 31. Qc2 Bb6 32. Rd1 Rd5 33. Nc4 Rfd8 34.
Nxb6 Qxb6 35. Re5 Ng4 36. Rxd5 Rxd5 37. Qc3 Nxf2 38. Kxf2 Qd8 39. Ke3 c5 40.
Qc4 Qd7 41. Rd3 b5 42. Qc3 b4 43. axb4 axb4 44. Qc4 Qe6+ 45. Kd2 Qe4 46. b3
Qg2+ 47. Kc1 Qf1+ 48. Kc2 Qe2+ 49. Kc1 Qe1+ 50. Rd1 Qe3+ 51. Kc2 Qe4+ 52. Kc1
Rxd4 53. Rxd4 cxd4 54. Qxb4 Qe3+ 55. Qd2 Qxb3 1/2-1/2

[Event "Campeonato Brasileiro Amador 2019 U1800"]
[Site "Sao Paulo"]
[Date "2019.06.21"]
[Round "3.18"]
[White "Arruda Filho, Ivo Pereira De"]
[Black "Pereira Fo, Hildebrando Apolonio"]
[Result "1/2-1/2"]
[WhiteElo "1742"]
[BlackElo "1550"]
[Annotator "Kleyt"]
[PlyCount "88"]
[EventDate "2019.06.20"]

1. Nf3 Nf6 2. d4 e6 3. e3 d5 4. Bd3 c5 5. c3 Nc6 6. O-O Be7 7. Nbd2 O-O 8. Re1
cxd4 9. exd4 h6 10. Ne5 Nd7 11. Ndf3 Bd6 12. Bf4 Qc7 13. h3 a6 14. Rc1 Ndxe5
15. Nxe5 Nxe5 16. dxe5 Bc5 17. Qg4 f5 18. Qg3 g5 19. h4 Qg7 20. hxg5 hxg5 21.
Qxg5 Bd7 22. g3 Kf7 23. Kg2 Bc6 24. Rh1 Rh8 25. Rce1 Be7 26. Qxg7+ Kxg7 27. f3
Rag8 28. Rxh8 Rxh8 29. Rh1 Rxh1 30. Kxh1 d4 31. Kg2 dxc3 32. bxc3 b5 33. Kf2
Bd5 34. Bd2 Bc4 35. Ke3 Bc5+ 36. Ke2 Bg1 37. Be3 Bh2 38. Bf2 Kg6 39. Ke3 Kg5
40. f4+ Kg4 41. a3 Bxg3 42. Bxg3 Kxg3 43. Be2 Kg2 44. a4 Kg1 {Ilegível}
1/2-1/2

[Event "Campeonato Brasileiro Amador 2019 U1800"]
[Site "Sao Paulo"]
[Date "2019.06.21"]
[Round "3.19"]
[White "Paula, Hugo De Araujo"]
[Black "Jenidarchiche, Douglas Rodrigo"]
[Result "0-1"]
[WhiteElo "1557"]
[BlackElo "1737"]
[PlyCount "84"]
[EventDate "2019.06.20"]

1. d4 Nf6 2. Nf3 c5 3. e3 b6 4. Bd3 cxd4 5. exd4 Bb7 6. O-O e6 7. Nbd2 Be7 8.
c3 O-O 9. Re1 d6 10. Nf1 Nc6 11. Ng3 Rc8 12. Qe2 Rc7 13. Ne4 Re8 14. Nxf6+ Bxf6
15. Bb5 Qc8 16. d5 Ne5 17. Nxe5 dxe5 18. Bxe8 Qxe8 19. dxe6 Qxe6 20. Be3 Be7
21. Red1 Qg6 22. f3 h5 23. Rd2 h4 24. h3 e4 25. f4 Bc8 26. Kh1 Be6 27. Bd4 Qf5
28. Re1 Qxf4 29. Qe3 Qxe3 30. Bxe3 f5 31. a3 g5 32. Bd4 Kf7 33. Kg1 Bc4 34. Be5
Rb7 35. Bd4 Ke6 36. Kf2 Bd6 37. Kg1 Rd7 38. b4 Bg3 39. Be3 Bxe1 40. Rxd7 Kxd7
41. Bxg5 Bg3 42. a4 f4 0-1

[Event "Campeonato Brasileiro Amador 2019 U1800"]
[Site "Sao Paulo"]
[Date "2019.06.21"]
[Round "3.20"]
[White "Neto, Valdeno Brito"]
[Black "Rodrigues Mota, Romulo Cardoso S"]
[Result "0-1"]
[WhiteElo "1534"]
[BlackElo "1712"]
[PlyCount "42"]
[EventDate "2019.06.20"]

1. e4 c5 2. Nf3 d6 3. d4 cxd4 4. Nxd4 Nf6 5. Nc3 g6 6. Be3 Bg7 7. Qd2 Ng4 8.
Bg5 Nc6 9. Nxc6 bxc6 10. f3 h6 11. Bh4 Qb6 12. Na4 Qe3+ 13. Qxe3 Nxe3 14. Bd3
Nxg2+ 15. Kf2 Nxh4 16. Kg3 g5 17. Rae1 Ng6 18. Rhf1 Be5+ 19. Kg2 Nf4+ 20. Kh1
Bh3 21. Rg1 Bg2+ 0-1

[Event "Campeonato Brasileiro Amador 2019 U1800"]
[Site "Sao Paulo"]
[Date "2019.06.21"]
[Round "3.21"]
[White "Sanchez, Ivan Roberto"]
[Black "Haraguchi, Matheus Sashaki"]
[Result "1-0"]
[WhiteElo "1691"]
[BlackElo "1524"]
[PlyCount "95"]
[EventDate "2019.06.20"]

1. c4 e6 2. g3 d5 3. cxd5 exd5 4. d4 Nf6 5. Bg2 c6 6. Nf3 Be7 7. O-O O-O 8. b3
Nbd7 9. Ba3 Re8 10. Bxe7 Rxe7 11. Qc2 Ne4 12. e3 Ndf6 13. Nbd2 g6 14. Ne5 Bf5
15. Qb2 Nd6 16. Rac1 Nd7 17. Rfd1 f6 18. Rxc6 Nxe5 19. Rxd6 Qxd6 20. dxe5 Qxe5
21. Qxe5 fxe5 22. Bxd5+ Kg7 23. f3 Rd8 24. e4 Be6 25. Nc4 Bxd5 26. exd5 Red7
27. Ne3 Rd6 28. Kf2 b5 29. Ke2 h5 30. h4 Rc8 31. Kd3 Kf6 32. Ke4 a5 33. g4 Rd7
34. g5+ Kf7 35. Kxe5 Re8+ 36. Kd4 Rde7 37. Rd3 Rc7 38. d6 Rd7 39. Kd5 a4 40.
bxa4 bxa4 41. Nc4 Re2 42. Ne5+ Ke8 43. Nxd7 Kxd7 44. Ra3 Rd2+ 45. Ke5 Re2+ 46.
Kf4 Kxd6 47. Rxa4 Ke7 48. Re4+ 1-0

[Event "Campeonato Brasileiro Amador 2019 U1800"]
[Site "Sao Paulo"]
[Date "2019.06.21"]
[Round "3.22"]
[White "Davanso, Joao Pedro"]
[Black "Loss, Victor Pinheiro Cost"]
[Result "1-0"]
[WhiteElo "1655"]
[BlackElo "1412"]
[PlyCount "63"]
[EventDate "2019.06.20"]

1. e4 c5 2. Nf3 g6 3. c3 Bg7 4. Qc2 d5 5. d3 Nc6 6. g3 Nf6 7. e5 Ng4 8. d4 cxd4
9. cxd4 Bf5 10. Qd1 f6 11. h3 Nh6 12. exf6 exf6 13. Bg2 Bxb1 14. Rxb1 Qa5+ 15.
Bd2 Qxa2 16. Qe2+ Kf7 17. O-O Qc4 18. Qd1 Nxd4 19. Bxh6 Ne2+ 20. Kh2 Rad8 21.
Bxg7 Kxg7 22. Re1 d4 23. Qxe2 d3 24. Qe7+ Kh6 25. Qe3+ g5 26. Nd2 Qc2 27. Rec1
Rhe8 28. Qxe8 Qxc1 29. Qxd8 Qxd2 30. Qxf6+ Kh5 31. g4+ Kh4 32. Qh6# 1-0

[Event "Campeonato Brasileiro Amador 2019 U1800"]
[Site "Sao Paulo"]
[Date "2019.06.21"]
[Round "3.23"]
[White "Conrado, Carlos Alberto"]
[Black "Ramos, Beny Irwing Pankiewi"]
[Result "0-1"]
[WhiteElo "1447"]
[BlackElo "1654"]
[PlyCount "83"]
[EventDate "2019.06.20"]

1. d4 Nf6 2. c4 d6 3. Nc3 g6 4. e4 Bg7 5. f3 O-O 6. Be3 e5 7. d5 Nbd7 8. Nge2
Nh5 9. Ng3 Nf4 10. Qd2 Qh4 11. O-O-O a6 12. Nge2 Bh6 13. Kb1 Nxe2 14. Bxe2 Bxe3
15. Qxe3 f5 16. exf5 gxf5 17. g3 Qf6 18. f4 Nc5 19. g4 fxg4 20. fxe5 Bf5+ 21.
Ka1 Qxe5 22. Qg5+ Bg6 23. Qxe5 dxe5 24. Bxg4 Nd3 25. Rhg1 Kh8 26. Rd2 Rf4 27.
Be2 Rf2 28. Rxd3 Rxe2 29. Rh3 Bf5 30. Rf3 Be4 31. Nxe4 Rxe4 32. b3 Rg8 33.
Rxg8+ Kxg8 34. Rf2 Rf4 35. Re2 e4 36. Kb2 Kf7 37. Kc3 Kf6 38. Kd4 Kf5 39. a4 h5
40. b4 Rf1 41. Rxe4 Rd1+ 42. Ke3 0-1

[Event "Campeonato Brasileiro Amador 2019 U1800"]
[Site "Sao Paulo"]
[Date "2019.06.21"]
[Round "3.26"]
[White "Potasso Junior, Alvaro"]
[Black "Jardim, Tamiris Salvador"]
[Result "0-1"]
[WhiteElo "1606"]
[BlackElo "1339"]
[PlyCount "114"]
[EventDate "2019.06.20"]

1. c4 Nf6 2. d4 g6 3. Nc3 Bg7 4. e4 d6 5. Bg5 Nbd7 6. Bd3 c5 7. Nge2 cxd4 8.
Nxd4 Qb6 9. Nb3 Ne5 10. Be3 Qd8 11. f3 a6 12. Qe2 Qc7 13. Rc1 Be6 14. Nd5 Bxd5
15. cxd5 Qd7 16. O-O O-O 17. Bb1 Rac8 18. Bd4 Ne8 19. Rxc8 Qxc8 20. Rc1 Qd7 21.
h3 Qa4 22. Bc2 Nc7 23. f4 Nd7 24. Bxg7 Kxg7 25. Bb1 Nb5 26. Qd3 Nb6 27. f5 Rc8
28. Rxc8 Nxc8 29. fxg6 hxg6 30. h4 Qb4 31. Qe3 a5 32. a3 Qa4 33. h5 gxh5 34.
Bc2 Qc4 35. Qg5+ Kf8 36. Qxh5 Ke8 37. Bd1 Qxe4 38. Bg4 Qe3+ 39. Kh1 Qe1+ 40.
Kh2 Qe5+ 41. Qxe5 dxe5 42. Bxc8 b6 43. Bb7 Nd6 44. Bc6+ Kd8 45. Nd2 Kc7 46. b3
e6 47. Nc4 exd5 48. Bxd5 Nxc4 49. bxc4 f6 50. Kg3 Kd6 51. Kg4 Kc5 52. Bf7 e4
53. Kf5 e3 54. Bh5 Kxc4 55. a4 Kb4 56. Bd1 b5 57. Kxf6 bxa4 0-1

[Event "Campeonato Brasileiro Amador 2019 U1800"]
[Site "Sao Paulo"]
[Date "2019.06.21"]
[Round "3.27"]
[White "Sampaio, Andre Luiz"]
[Black "Nunes, Gustavo Morais"]
[Result "0-1"]
[WhiteElo "1704"]
[BlackElo "1798"]
[PlyCount "108"]
[EventDate "2019.06.20"]

1. d4 e6 2. Bf4 d5 3. e3 c5 4. c3 Bd6 5. Bg3 a6 6. Nd2 Nf6 7. Bd3 O-O 8. Qf3
Nc6 9. Bh4 cxd4 10. exd4 Be7 11. Qe2 b5 12. Ngf3 b4 13. Ne5 Nxe5 14. Qxe5 bxc3
15. bxc3 Qa5 16. Nb1 Bd7 17. O-O Rab8 18. Qe2 Bb5 19. Bg3 Rb7 20. f3 Rc8 21.
Be1 Qb6 22. Bg3 Ne8 23. a4 Bxd3 24. Qxd3 Qa5 25. Rc1 Rc4 26. Nd2 Rxa4 27. Rab1
Rxb1 28. Qxb1 Qb5 29. Qxb5 axb5 30. Rb1 b4 31. cxb4 Rxb4 32. Rxb4 Bxb4 33. Nb3
Nd6 34. Bxd6 Bxd6 35. h3 Kf8 36. Kf1 Ke7 37. Kf2 Bf4 38. Nc5 Bd6 39. Nd3 Kd7
40. Ke3 Kc6 41. Kd2 g5 42. g4 f6 43. Ke3 Kb5 44. Nb2 Ba3 45. Nd3 Kc4 46. f4
gxf4+ 47. Nxf4 Bc1+ 48. Kf3 Bxf4 49. Kxf4 Kxd4 50. h4 Kc3 51. g5 fxg5+ 52. Kxg5
d4 53. Kf6 d3 54. Kxe6 d2 0-1

[Event "Campeonato Brasileiro Amador 2019 U1800"]
[Site "Sao Paulo"]
[Date "2019.06.21"]
[Round "3.28"]
[White "Teles, Lucas Marquetotti"]
[Black "Bocca, Edson Ricardo"]
[Result "1-0"]
[WhiteElo "1790"]
[BlackElo "1645"]
[PlyCount "65"]
[EventDate "2019.06.20"]

1. e3 Nc6 2. b3 e6 3. Bb2 Nf6 4. f4 d5 5. Bb5 Bd7 6. Bxc6 Bxc6 7. Nf3 Bd6 8.
O-O h6 9. Ne5 Bxe5 10. Bxe5 Rg8 11. f5 exf5 12. Rxf5 Qd7 13. Rf4 O-O-O 14. a4
Qe6 15. Bd4 a6 16. Qe2 Ne4 17. b4 g5 18. Rf1 Nd6 19. Nc3 Nf5 20. Qd3 Nxd4 21.
Qxd4 b6 22. b5 Bb7 23. a5 axb5 24. a6 Ba8 25. Nxb5 Rgf8 26. Qa4 c6 27. Nd4 Qe4
28. Rf6 b5 29. Qb4 Rd7 30. Qxf8+ Rd8 31. Qxf7 c5 32. Ne6 Kb8 33. Qc7# 1-0

[Event "Campeonato Brasileiro Amador 2019 U1800"]
[Site "Sao Paulo"]
[Date "2019.06.21"]
[Round "3.29"]
[White "De Souza Jr, Fernando Luiz"]
[Black "Ribeiro, Daniel Malta"]
[Result "0-1"]
[WhiteElo "1563"]
[BlackElo "1775"]
[PlyCount "82"]
[EventDate "2019.06.20"]

1. c4 Nf6 2. Nc3 g6 3. g3 Bg7 4. Bg2 O-O 5. Nf3 c5 6. O-O Nc6 7. d3 d6 8. Rb1
Be6 9. e4 a6 10. a3 Rb8 11. Ng5 Bg4 12. Qe1 h6 13. Nf3 Nd7 14. h3 Bxf3 15. Bxf3
Nde5 16. Be2 Nd4 17. f4 Nec6 18. Bd2 b5 19. b3 b4 20. axb4 Nxb4 21. Qd1 Nbc2
22. Rb2 Nxe2+ 23. Qxe2 Nd4 24. Qd1 Rb7 25. Ra2 Qb6 26. Ra3 Rfb8 27. Nd5 Qc6 28.
Bc3 e6 29. Ne3 Nxb3 30. Bxg7 Kxg7 31. f5 exf5 32. exf5 Nd4 33. Nd5 Nxf5 34. Qf3
Rb1 35. Ra1 Rxa1 36. Rxa1 Qe8 37. g4 Qe5 38. gxf5 Qxa1+ 39. Kg2 Rb2+ 40. Kg3
Qg1+ 41. Kf4 Rf2 0-1

[Event "Campeonato Brasileiro Amador 2019 U1800"]
[Site "Sao Paulo"]
[Date "2019.06.21"]
[Round "3.30"]
[White "Da Cunha, Gabriela Goes"]
[Black "Rial, Antonio Marcos Pinon"]
[Result "0-1"]
[WhiteElo "1457"]
[BlackElo "1735"]
[PlyCount "100"]
[EventDate "2019.06.20"]

1. e4 Nc6 2. Nf3 f5 3. e5 d6 4. Bb5 dxe5 5. Nxe5 Qd5 6. Bxc6+ bxc6 7. Qh5+ g6
8. Nxg6 Qe4+ 9. Kd1 Nf6 10. Qf3 Qxf3+ 11. gxf3 hxg6 12. d3 Bh6 13. Bxh6 Rxh6
14. Nc3 Rh3 15. Ke2 Nd5 16. Nxd5 cxd5 17. Rag1 Kf7 18. Rg3 f4 19. Rxh3 Bxh3 20.
d4 Rh8 21. Rg1 Bf5 22. Rh1 Bxc2 23. b3 Kf6 24. Rc1 Bf5 25. Rxc7 a6 26. Rc6+ Kg5
27. Rxa6 Rc8 28. Ra7 e6 29. Ra4 Rc2+ 30. Ke1 Kh4 31. Ra8 Kh3 32. Kf1 Bd3+ 33.
Ke1 Kg2 34. h4 Kxf3 35. Ra5 Rxf2 36. Kd1 Ke3 37. Kc1 Rc2+ 38. Kd1 Rh2 39. Kc1
f3 40. Rc5 f2 41. Kb2 f1=Q+ 42. Ka3 Kxd4 43. Rc8 Rc2 44. Rxc2 Bxc2 45. Kb4 Qf8+
46. Kb5 Qc5+ 47. Ka6 Qb4 48. h5 Kc5 49. Ka7 Kc6 50. Ka8 Qb7# 0-1

[Event "Campeonato Brasileiro Amador 2019 U1800"]
[Site "Sao Paulo"]
[Date "2019.06.21"]
[Round "3.31"]
[White "Canonico, Rodrigo"]
[Black "Da Silva, Matheus Lopes"]
[Result "1-0"]
[WhiteElo "1714"]
[BlackElo "1633"]
[PlyCount "73"]
[EventDate "2019.06.20"]

1. e4 c5 2. d4 cxd4 3. c3 d3 4. Bxd3 d6 5. Nf3 Nf6 6. O-O g6 7. Bg5 Bg7 8. Nbd2
O-O 9. Nb3 Nbd7 10. Qd2 b6 11. Bh6 Bb7 12. Bxg7 Kxg7 13. Rfe1 Rc8 14. Nfd4 Nc5
15. Nxc5 bxc5 16. Nf3 e5 17. Rad1 Qc7 18. h4 Rfd8 19. c4 Rb8 20. Nh2 Qd7 21. f4
exf4 22. Qxf4 Bc8 23. Rd2 Ng4 24. Rf1 Ne5 25. Qf6+ Kg8 26. Be2 Bb7 27. h5 Qe6
28. Qf4 Nxc4 29. Bxc4 Qxc4 30. h6 Qe6 31. Ng4 Bc8 32. Rdf2 f5 33. exf5 Qxf5 34.
Qc4+ d5 35. Qc3 d4 36. Qa5 Qg5 37. Nf6+ 1-0

[Event "Campeonato Brasileiro Amador 2019 U1800"]
[Site "Sao Paulo"]
[Date "2019.06.21"]
[Round "3.32"]
[White "Palomino, Alexandre Cardoso De"]
[Black "Hayashi, Kaito"]
[Result "1/2-1/2"]
[WhiteElo "1740"]
[BlackElo "1561"]
[PlyCount "51"]
[EventDate "2019.06.20"]

1. d4 e6 2. e4 d5 3. exd5 exd5 4. Bf4 Nf6 5. Bd3 Bd6 6. Bxd6 Qxd6 7. Nf3 O-O 8.
O-O Nc6 9. c3 Bg4 10. Nbd2 Rfe8 11. Qc2 Re7 12. Rfe1 Rae8 13. Rxe7 Rxe7 14. Re1
Rxe1+ 15. Nxe1 Ne7 16. f3 Bh5 17. g3 Bg6 18. Bxg6 hxg6 19. Nd3 Qe6 20. Kf2 Nf5
21. Nf1 Nd7 22. Qb3 Nb6 23. Nf4 Qd6 24. Qb5 c6 25. Qe2 Kf8 26. b3 1/2-1/2

[Event "Campeonato Brasileiro Amador 2019 U1800"]
[Site "Sao Paulo"]
[Date "2019.06.21"]
[Round "3.33"]
[White "Deste, Jair Francisco"]
[Black "De Oliveira, Joao Eudes"]
[Result "1/2-1/2"]
[WhiteElo "1394"]
[BlackElo "1717"]
[PlyCount "126"]
[EventDate "2019.06.20"]

1. c4 Nf6 2. Nc3 e6 3. d3 Bb4 4. Bd2 b6 5. a3 Be7 6. e4 d6 7. Nf3 Bb7 8. Be2
O-O 9. O-O Nbd7 10. Be3 c5 11. Qc2 Ng4 12. Bf4 e5 13. Bg3 Ndf6 14. h3 Nh6 15.
Nh2 Bc8 16. f4 exf4 17. Bxf4 Be6 18. Bxh6 gxh6 19. Bf3 Rb8 20. Qd2 h5 21. Nd5
Bxd5 22. exd5 Kh8 23. Rae1 Rg8 24. Qe3 Bf8 25. Rf2 Qd7 26. Kh1 Re8 27. Qd2 Bg7
28. Rxe8 Rxe8 29. Re2 Kg8 30. Rxe8+ Qxe8 31. Qe2 Qxe2 32. Bxe2 Kf8 33. Kg1 Ke7
34. Kf2 Nd7 35. b3 Bd4+ 36. Kf1 h4 37. Nf3 Bf6 38. Kf2 h6 39. Nd2 Bg5 40. Ne4
f5 41. Nxg5 hxg5 42. Kf3 Kf6 43. g4 hxg3 44. Kxg3 Ne5 45. h4 gxh4+ 46. Kxh4
Ng6+ 47. Kg3 Ke5 48. Kf3 Ne7 49. Ke3 f4+ 50. Kf2 Nf5 51. b4 cxb4 52. axb4 a5
53. bxa5 bxa5 54. Ke1 Nd4 55. Bd1 Nf5 56. Kd2 Kd4 57. Be2 Ng3 58. Bd1 Nf1+ 59.
Ke2 Nh2 60. Kf2 f3 61. Kg3 Nf1+ 62. Kxf3 Nd2+ 63. Ke2 Nxc4 1/2-1/2

[Event "Campeonato Brasileiro Amador 2019 U1800"]
[Site "Sao Paulo"]
[Date "2019.06.21"]
[Round "3.34"]
[White "De Sousa E Silva, Luis Gonzaga"]
[Black "Ferreira, Raphael Suzuki"]
[Result "0-1"]
[WhiteElo "1298"]
[BlackElo "1663"]
[PlyCount "94"]
[EventDate "2019.06.20"]

1. Nf3 c5 2. g3 g6 3. Bg2 Bg7 4. e4 Nc6 5. O-O d6 6. Nc3 Nf6 7. d3 O-O 8. Rb1
Rb8 9. Re1 e5 10. a3 Be6 11. Bg5 h6 12. Bxf6 Qxf6 13. Nb5 Rfd8 14. Nc7 Kh7 15.
Nxe6 fxe6 16. c3 Rf8 17. Rf1 Rbd8 18. Qb3 Rf7 19. Nd2 Qe7 20. Rbd1 Rdf8 21. f3
b6 22. Qb5 Qc7 23. Bh3 Rf6 24. b4 cxb4 25. axb4 Rd8 26. c4 Nd4 27. Qa4 d5 28.
Bg2 Qe7 29. Rf2 dxc4 30. dxc4 Bf8 31. b5 Rf7 32. Rdf1 Qc7 33. Qa2 Bc5 34. Kh1
Rdf8 35. h4 g5 36. hxg5 hxg5 37. Bh3 Kg6 38. Bg4 Rh7+ 39. Rh2 Ne2 40. Kg2 Rxh2+
41. Kxh2 Qh7+ 42. Kg2 Rh8 43. Bf5+ exf5 44. exf5+ Kf6 45. Ne4+ Kxf5 46. g4+ Kg6
47. Rf2 Nf4+ 0-1

[Event "Campeonato Brasileiro Amador 2019 U1800"]
[Site "Sao Paulo"]
[Date "2019.06.21"]
[Round "3.35"]
[White "Da Rocha, Lucas Sampaio"]
[Black "Kajiwara, Joao Kazuyuki"]
[Result "1-0"]
[WhiteElo "1637"]
[BlackElo "1316"]
[PlyCount "61"]
[EventDate "2019.06.20"]

1. Nf3 c5 2. g3 g6 3. Bg2 Bg7 4. O-O Nf6 5. d3 O-O 6. Nbd2 Nc6 7. e4 d6 8. a4
Ng4 9. h3 Nge5 10. Nxe5 Nxe5 11. f4 Nc6 12. Nc4 Na5 13. Ne3 e6 14. g4 f5 15.
exf5 exf5 16. gxf5 Bxf5 17. Nxf5 Rxf5 18. Be4 Rh5 19. Qg4 Qh4 20. Kg2 Rf8 21.
Bd2 Nc6 22. Be1 Qe7 23. Bc3 Nd4 24. Rae1 Qh4 25. Bxb7 Nxc2 26. Bd5+ Kh8 27.
Bxg7+ Kxg7 28. Qd7+ Kh6 29. Re7 Rxf4 30. Rxh7+ Kg5 31. Qe7+ 1-0

[Event "Campeonato Brasileiro Amador 2019 U1800"]
[Site "Sao Paulo"]
[Date "2019.06.21"]
[Round "4.1"]
[White "Da Rosa, Henrique Jaze Simoes"]
[Black "Rodio, Julia Brunetto"]
[Result "1-0"]
[WhiteElo "1645"]
[BlackElo "1756"]
[PlyCount "57"]
[EventDate "2019.06.20"]

1. d4 Nf6 2. c4 g6 3. g3 Bg7 4. Bg2 d6 5. Nc3 Nbd7 6. e4 e5 7. Nge2 O-O 8. O-O
Ne8 9. f4 exd4 10. Nxd4 c6 11. Be3 Qb6 12. Qd2 Qc7 13. f5 Ne5 14. b3 Ng4 15.
fxg6 hxg6 16. Bf4 Qb6 17. Rad1 Ne5 18. h3 Be6 19. Kh2 Rd8 20. Bh6 Nc7 21. Qf4
Qb4 22. Nce2 Kh7 23. Bxg7 Kxg7 24. Qf6+ Kg8 25. Rf4 Ne8 26. Qxd8 Ng7 27. Qg5
Nh5 28. Rh4 f6 29. Qh6 1-0

[Event "Campeonato Brasileiro Amador 2019 U1800"]
[Site "Sao Paulo"]
[Date "2019.06.21"]
[Round "4.3"]
[White "Martins De Aguiar, Marina"]
[Black "Da Justa, Saulo Freitas"]
[Result "0-1"]
[WhiteElo "1724"]
[BlackElo "1659"]
[PlyCount "120"]
[EventDate "2019.06.20"]

1. e4 c6 2. Nf3 d5 3. Nc3 dxe4 4. Nxe4 Bf5 5. Ng3 Bg6 6. h4 f6 7. Bc4 Nh6 8. d3
Nf5 9. Nxf5 Bxf5 10. Be3 e5 11. Nd2 Qd7 12. Qe2 Bb4 13. a3 Ba5 14. h5 b5 15.
Ba2 Na6 16. h6 g6 17. f3 Nc7 18. g4 Be6 19. b4 Bb6 20. Ne4 O-O 21. Bc5 Bxc5 22.
Nxc5 Qd4 23. Bxe6+ Nxe6 24. Nb3 Qf4 25. c3 Rad8 26. Rd1 Rfe8 27. Kf2 Rd7 28.
Qe4 Qxe4 29. dxe4 Red8 30. Rxd7 Rxd7 31. Ke3 Kf7 32. Rh2 g5 33. Na5 c5 34. Nb3
c4 35. Nc1 Nf4 36. Rd2 Rxd2 37. Kxd2 Kg6 38. Ne2 Kxh6 39. Ng3 Ne6 40. Nf5+ Kg6
41. Nd6 Nc7 42. Nf5 h5 43. gxh5+ Kxh5 44. Ke3 g4 45. Kf2 Kg5 46. Kg3 gxf3 47.
Kxf3 a6 48. Kg3 Ne6 49. Ne7 Nd4 50. cxd4 c3 51. d5 c2 52. d6 c1=Q 53. d7 Qc3+
54. Kf2 Qd2+ 55. Kf3 Qxd7 56. Nd5 f5 57. Ne3 f4 58. Nd5 Qh3+ 59. Kf2 Qxa3 60.
Ke2 a5 0-1

[Event "Campeonato Brasileiro Amador 2019 U1800"]
[Site "Sao Paulo"]
[Date "2019.06.21"]
[Round "4.4"]
[White "Barbosa, Luiz Francisco Da Si"]
[Black "Vieira, Paulo Cesar"]
[Result "0-1"]
[WhiteElo "1762"]
[BlackElo "1794"]
[PlyCount "100"]
[EventDate "2019.06.20"]

1. d4 g6 2. Nf3 Bg7 3. Nbd2 Nf6 4. e4 d6 5. c3 O-O 6. Bd3 Nc6 7. O-O e5 8. Re1
a6 9. a4 Nh5 10. dxe5 dxe5 11. Nc4 Rb8 12. Ne3 Nf4 13. Bf1 Be6 14. g3 Nh5 15.
Nd5 Nf6 16. Bg5 h6 17. Nxf6+ Bxf6 18. Bxh6 Re8 19. Qxd8 Rbxd8 20. Bg5 Bxg5 21.
Nxg5 Rd2 22. Nxe6 Rxe6 23. Re2 Red6 24. Rae1 Na5 25. Rxd2 Rxd2 26. Re2 Rd1 27.
Kg2 Nb3 28. Rc2 Nc5 29. Be2 Rb1 30. a5 Nxe4 31. Bf3 Nd6 32. b4 e4 33. Be2 f5
34. h4 Kg7 35. f4 Kf6 36. g4 fxg4 37. Bxg4 Nf5 38. Bxf5 Kxf5 39. Rd2 Rc1 40. h5
gxh5 41. Rd5+ Kxf4 42. Rxh5 Rxc3 43. Kf2 Rc2+ 44. Ke1 Ke3 45. Rh3+ Kd4 46. Rh7
Kd3 47. Rd7+ Ke3 48. Kd1 Rc4 49. Rh7 Kd3 50. Rd7+ Kc3 0-1